000 00590nam a2200229Ia 4500
003 OSt
005 20220923225938.0
006 a|||||r|||| 00| 0
007 ta
008 Pun
024 _a276,089
037 _cTextual
040 _aARTS
_cARTS
_bPun
041 _2Pun
_aPun
082 _aO153,1NSA,1, L2
100 _aਸਾਹਨੀ, ਸੰਤੋF
245 0 _aਥੋ੍ਹਰ ਕਮਲਨੀ
260 _c1972
650 _aਪੰਜਾਬੀ ਸਾਹਿਤ
942 _hO153,1NSA,1, L2
_cTEXL
_2CC
999 _c381509
_d381509